000 04737nab a2200289 i 4500
003 BR-BrBNA
005 20240516104350.0
008 240516b2014 bl.qr|pooa||| 00| 0 por |
040 _aBR-BrBNA
_bpor
072 _aF02
_b2290
100 _aMorais, T.P.
100 _aAsmar, S.A.
100 _aLuz, J.M.Q.
245 _aReguladores de crescimento vegetal no cultivo in vitro de Mentha x Piperita L.
500 _aPublicação on-line; 29 ref.; 5 tables; Summaries (En, Pt)
520 _a RESUMO: A micropropagação é uma técnica muitas vezes indicada para a multiplicação em larga escala de plantas com propriedades medicinais. Dentre elas, destaca-se a hortelã-pimenta (Mentha x Piperita L.), cujo óleo essencial é utilizado no tratamento de transtornos digestivos e respiratórios. Para otimizar o protocolo de micropropagação dessa espécie são necessários estudos, principalmente quanto à suplementação do meio de cultura para garantir a produção massal in vitro e posterior extração do óleo essencial. Nesse contexto, objetivou-se avaliar o efeito de concentrações e combinações de reguladores de crescimento vegetal na morfogênese in vitro de hortelã-pimenta. Segmentos nodais provenientes de plântulas estabelecidas in vitro foram utilizados como fonte de explante e inoculados em meio de cultura MS suplementado com 0; 2,0 e 4,0 mg L-1 de BAP (6-benzilaminopurina), 0; 0,5 e 1,5 mg L-1 de ANA (ácido naftalenoacético) e 0; 0,5 e 1,0 mg L-1 de GA3 (ácido giberélico). O delineamento experimental adotado foi inteiramente casualizado, com os tratamentos distribuídos em esquema fatorial 3x3x3 com oito repetições. Concluiu-se que o BAP favoreceu a sobrevivência de segmentos nodais de M. x Piperita inoculados in vitro e, quando combinado ao GA3, promoveu a brotação dos explantes. Essas características, no entanto, não foram estimuladas pela adição de ANA ao meio de cultura. Conclui-se que após a multiplicação dos brotos in vitro estes devem ser transferidos para meio sem reguladores para seu desenvolvimento. Apesar dos efeitos benéficos do BAP na organogênese de M. x Piperita, elevadas concentrações deste regulador de crescimento vegetal promoveram a formação de calos. Palavras-chave: hortelã-pimenta, cultura de tecidos, giberelina, auxina, citocinina
520 _a ABSTRACT: Plant growth regulators on in vitro culture of Mentha x piperita L. Micropropagation is a technique used for the large-scale production of medicinal plants. Among them, peppermint (Mentha x piperita L.) may be mentioned because of the pharmacological importance of its essential oil, which is used on the treatment of digestive and respiratory disorders. Studies are needed in order to optimize the micropropagation protocol of this species, especially concerning the culture medium, to ensure the in vitro mass clonal production and to enable the future extraction of the plant essential oil. Therefore, this work aimed to evaluate the effects of concentrations and combinations of different plant growth regulators on the in vitro morphogenesis of peppermint. Nodal segments from plantlets already established in vitro were used as explants and inoculated on MS medium supplemented with 0, 2.0 and 4.0 mg L-1 of BAP (6-benzylaminopurine), 0, 0.5 and 1.5 mg L-1 of NAA (naphthalene acetic acid) and 0; 0.5 and 1.0 mg L-1 of GA3 (gibberellic acid). The experiment was in a completely randomized design, set up as a 3x3x3 factorial design with eight replicates. We concluded that BAP increases the survival rate of in vitro inoculated nodal segments of M. x piperita. In addition, its combination with GA3 stimulates explants shooting. Those aspects, however, are not promoted by the addition of NAA into the culture medium. Also, the results indicate that, after in vitro multiplication, peppermint shoots must be transferred to another medium without plant growth regulators for shoot elongation. High concentrations of BAP promote calli induction, despite having beneficial effects on the organogenesis of M. piperita. Keywords: peppermint, tissue culture, gibberellin, auxin, cytokinin
650 _aMENTA
650 _aCULTURA DE TECIDO
650 _aÁCIDO GIBERÉLICO
650 _aAUXINA
650 _aCITOCININA
773 0 _03543
_9315250
_dBotucatu-SP Instituto de Biociências - Departamento de Química e Bioquímica 1998
_o2024-1501
_tRevista Brasileira de Plantas Medicinais (Brazil)
_x1516-0572
_gv. 16(2 suppl. 1) p. 350-355; (2014)
_wBR2024000771
856 _uhttps://www.scielo.br/j/rbpm/a/VLLDk8ZJG5JWnscc9yVsFyF/?format=pdf&lang=pt
942 _cAnalítica
999 _c299627
_d299627